Nano: The emerging science of nanotechnology (Record no. 8224)
[ view plain ]
| 000 -LEADER | |
|---|---|
| fixed length control field | 00319nam a2200121Ia 4500 |
| 008 - FIXED-LENGTH DATA ELEMENTS--GENERAL INFORMATION | |
| fixed length control field | 170106s1995||||xx |||||||||||||| ||und|| |
| 082 ## - DEWEY DECIMAL CLASSIFICATION NUMBER | |
| Classification number | 620.4 |
| Item number | REG |
| 100 ## - MAIN ENTRY--PERSONAL NAME | |
| Personal name | Regis, Ed. |
| 245 #0 - TITLE STATEMENT | |
| Title | Nano: The emerging science of nanotechnology |
| 260 ## - PUBLICATION, DISTRIBUTION, ETC. | |
| Place of publication, distribution, etc. | Boston |
| Name of publisher, distributor, etc. | Little,brown and Company |
| Date of publication, distribution, etc. | 1995 |
| 650 ## - SUBJECT ADDED ENTRY--TOPICAL TERM | |
| Topical term or geographic name entry element | Physics |
| 942 ## - ADDED ENTRY ELEMENTS (KOHA) | |
| Koha item type | Book |
| Withdrawn status | Lost status | Damaged status | Not for loan | Home library | Current library | Shelving location | Date acquired | Source of acquisition | Full call number | Barcode | Date last seen | Price effective from | Koha item type |
|---|---|---|---|---|---|---|---|---|---|---|---|---|---|
| LRC, IIT Indore | LRC, IIT Indore | 2nd Floor - General Stack | 06/01/2017 | PO No. 25 ; Vendor: Ashish Books M. S., New Delhi ; Bill No. 2860, dt.11.05.2011; Price: USD 19.99 | 620.4 REG | 8224 | 06/01/2017 | 06/01/2017 | Book |
